| 000 | 01282nam a22003617 4500 | ||
|---|---|---|---|
| 001 | 60442 | ||
| 003 | CO-BoRNBP | ||
| 005 | 20260209141027.0 | ||
| 007 | ta | ||
| 008 | 010417s2001 sp | ||| ||spa | ||
| 017 |
_aM 534-2001 _bOficina Depósito Legal Madrid |
||
| 020 | _a8420639273 | ||
| 040 |
_aSpMaBN _bspa _cSpMaBN _erdc |
||
| 041 | 1 |
_aspa _heng |
|
| 080 | _a087.5:82 | ||
| 100 | 1 |
_aDoyle, Arthur Conan, _cSir _d1859-1930 _959697 |
|
| 240 | 1 | 4 | _aThe lost world |
| 245 | 1 | 3 |
_aEl mundo perdido _h[Texto impreso] _cArthur Conan Doyle ; [traductor, José Agustín Mahieu] |
| 250 | _a1a. edición | ||
| 300 |
_a277 p. _c18 cm |
||
| 336 |
_2rdacontent _atexto _btxt |
||
| 337 |
_2rdamedia _asin mediación _bn |
||
| 338 |
_2rdacarrier _avolumen _bnc |
||
| 650 | _2LEMB | ||
| 700 | 1 |
_aMahieu, José Agustín _968702 |
|
| 942 |
_2ddc _cBK |
||
| 956 | _a2 | ||
| 980 |
_aM 534-2001 _a84-206-3927-3 _aSpMaBN _bBNALCALA _j12/64933 _cSG_PETANTI |
||
| 980 |
_aM 49065-2002 _a84-206-3927-3 _aSpMaBN _bBNALCALA _jAHM/711782 _cSG_PETANTI |
||
| 980 |
_aM 49065-2002 _a84-206-3927-3 _aSpMaBN _bBNALCALA _jAHM/712048 _cSG_PETANTI |
||
| 980 |
_aM 534-2001 _a84-206-3927-3 _aSpMaBN _bBNALCALA _jDL/1042915 _cCONSERVACI |
||
| 980 |
_aM 49065-2002 _a84-206-3927-3 _aSpMaBN _bBNALCALA _jDL/1195072 _cCONSERVACI |
||
| 999 |
_c60442 _d60442 |
||